| 000 | 00000nam##2200000za#4500 |
| 001 | 9.604235 |
| 003 | CaOODSP |
| 005 | 20210624211453 |
| 007 | cr ||||||||||| |
| 008 | 150406|2005||||xxc|||||o f|0| 0 fre|d |
| 040 | |aCaOODSP|bfre |
| 043 | |an-cn--- |
| 086 | 1 |aTU3-5/05-48F-PDF |
| 110 | 2 |aBureau de la sécurité des transports du Canada. |
| 245 | 10|aSortie en bout de piste du Gulfstream 100 C-FHRL, exploité par Jetport Inc. à l'aéroport de Hamilton (Ontario), le 15 novembre 2005 |h[ressource électronique] |
| 260 | |aGatineau - Québec : |bBureau de la sécurité des transports du Canada |c2006. |
| 300 | |a10p.|bcartes, photographies |
| 490 | 1 |aRapport d'enquête aéronautique |vA05O0257 |
| 500 | |a« Le Bureau a autorisé la publication du rapport le 19 juillet 2006 » --p.8. |
| 590 | |a12-33-Supp|b2012-07-18 |
| 775 | 08|tRunway overrun - Jetport Inc. Gulfstream 100 C-FHRL, Hamilton Airport, Ontario, 15 November 2005 |w(CaOODSP)9.574491 |
| 830 | #0|aRapport d'enquête aéronautique ;|vA05O0257|w(CaOODSP)9.501229 |
| 856 | 40|ahttp://publications.gc.ca|qPDF|s644 Ko|uhttps://publications.gc.ca/collections/collection_2012/bst-tsb/TU3-5-05-48-fra.pdf|yA05O0257 |